| 000 | 00871cam a2200265Ia 4500 | ||
|---|---|---|---|
| 008 | |||
| 020 | _a9780128159422 (paperback) | ||
| 040 |
_aNUST _cNUST |
||
| 049 | _aMAIN | ||
| 090 |
_aQP82 _bGUN |
||
| 100 | 1 |
_aGunga, Hanns-Christian, _eauthor |
|
| 245 | 1 | 0 |
_aHuman physiology in extreme environments / _cHanns-Christian, Gunga. |
| 260 |
_aUnited Kingdom : _bAcademic Press, _c2015 |
||
| 300 |
_axvi, 358 pages : _bcolour illustrations ; _c24 cm |
||
| 336 |
_atext _btxt _2rdacontent |
||
| 337 |
_aunmediated _bn _2rdamedia |
||
| 338 |
_avolume _bnc _2rdacarrier |
||
| 504 | _aIncludes bibliographical references. | ||
| 500 | _aIncludes index. | ||
| 650 | 0 |
_aExtreme environments _xPhysiological effect |
|
| 907 |
_a.b1041535x _b08-03-22 _c04-03-22 |
||
| 003 | |||
| 005 | 20230120204346.0 | ||
| 942 |
_cBOOKS _kQP82 _mGUN |
||
| 999 |
_c121810 _d121810 |
||